000 00805nam a22003010a 4500
001 PT42150
003 AR-LpoUNG
005 20210201010319.0
008 201001s1999||||ag |||||||||||||||||spa d
020 _a9501113620
_c$2.50
040 _aAR-LpoUNG
_bspa
_eaacr
041 _aspa
044 _aag
082 0 _a808.068 3 527rom
100 1 _aShakespeare, William
245 1 0 _aRomeo y Julieta
260 _aBuenos Aires :
_bSigmar,
_c1999.
300 _a71 p. :
_btbls., gráfs.
_3Impreso
490 0 _aClásicos juveniles
505 0 _aSugerido a partir de 14 años (etiqueta VERDE)
650 4 _aLITERATURA
650 4 _aNOVELAS
650 4 _aROMANTICISMO
651 4 _aDOCUMENTOS TEORICOS O METODOLOGICOS
653 _aLITERATURA INFANTOJUVENIL
905 _a42150
942 _cLIB
999 _c50893
_d50893